01717nam a2200421 i 450000100060000000300080000600500170001400600190003100700150005000800410006503500230010603500240012903500250015303500210017804000310019905000220023008000080025208200160026010000380027624502550031426400490056930000620061833600310068033700330071133800430074450000750078750400290086258801250089165000270101665000140104365000170105765000130107465000300108765500270111770000460114470000430119085600620123341490FlNmELB20241216221951.0m o d | cr cnu||||||||170315s2016 cu a ob 000 0 spa d a(MiAaPQ)EBC4794744 a(Au-PeEL)EBL4794744 a(CaPaEBR)ebr11335394 a(OCoLC)992093707 aFINmELBbspaerdacFINmELB 4aHD38.7bB333 2016 a6580 a658.4722231 aBatista Matamoros, Carlos Rafael.10aTecnología para la gestión de la inteligencia competitiva en empresas relacionadas con el negocio del turismo /cCarlos Rafael Batista Matamoros ; tutores: Prof. Titular Reynaldo Velázquez Zaldívar, Prof. Titular Guillermo Armando Ronda Pupo. 1aLa Habana :bEditorial Universitaria,c2016. a1 recurso en línea (xi, 144 páginas) :bilustraciones atextobtxt2rdacontent/spa acomputadorabc2rdamedia/spa arecurso en líneabcr2rdacarrier/spa aTesis (Doctor en Ciencias Técnicas)--Universidad de Holguín, 2016. aContiene bibliografía. aDescripción basada en recurso en línea; Título de la página del título en PDF (e-libro, visto March 15, 2017). 0aBusiness intelligence. 0aTourismo. 0aCompetition. 4aTurismo. 4aInteligencia empresarial. 4aLibros electrónicos.1 aVelázquez Zaldívar, Reynaldo,etutor.1 aRonda Pupo, Guillermo Armando,etutor.40uhttps://elibro.net/ereader/politecnicointernacional/86715